000 00440nam a2200181Ia 4500
001 9257
005 20260306160710.0
008 260306t2013||||xx |||||||||||||| ||spa||
041 _aESP
082 _a378.007
_bH46
100 _aHerrera, José Darío
_eAUT
245 0 _aPensar la educación, hacer investigación
260 _c2013
300 _a194 páginas :
_c23 cm.
650 _aGEN
654 _aCED
942 _cLIB
_dJUS
_fJUS
_2ddc
_n
999 _c9257
_d9257